| 000 | 02344cam a2200409 i 4500 | ||
|---|---|---|---|
| 001 | 23194451 | ||
| 003 | GZU | ||
| 005 | 20260316123257.0 | ||
| 008 | 230621s2024 nyua 001 0 eng | ||
| 010 | _a 2023029174 | ||
| 020 |
_a9781266356742 _q(bound : acid-free paper) |
||
| 020 |
_a9781264892341 _q(loose-leaf) |
||
| 020 | _z126695628X | ||
| 020 | _z9781266956287 | ||
| 022 | _a. | ||
| 035 | _a23194451 | ||
| 040 |
_aDLC _beng _erda _cDLC _dGZULib |
||
| 042 | _apcc | ||
| 050 | 0 | 0 |
_aP90 _b.HUM 2024 |
| 100 | 1 |
_aTitsworth, Scott, _eeditor. |
|
| 245 | 1 | 0 |
_aHuman communication / _cScott Titsworth, Angela M. Hosek. |
| 250 | _a2024 Release | ||
| 264 | 1 |
_aNew York, NY : _bMcGraw Hill LLC, _c[2024] |
|
| 300 |
_axxvi, 404 pages : _billustrations ; _c27 cm |
||
| 336 |
_atext _btxt _2rdacontent |
||
| 337 |
_aunmediated _bn _2rdamedia |
||
| 338 |
_avolume _bnc _2rdacarrier |
||
| 500 | _aIncludes index. | ||
| 505 | 0 | _aPart 1: Fundamentals of communication studies -- Introduction to human communication -- Perception, self, and communication -- Language and meaning -- Nonverbal communication -- Listening and critical thinking -- Part 2: Communication contexts -- Interpersonal communication -- Intercultural communication -- Small-group communication -- Workplace communication -- Part 3: Fundamentals of public speaking -- Topic Selection and audience analysis -- Credibility and evidence -- Organizing presentations -- Delivery and visual resources -- Informative presentations -- Persuasive presentations. | |
| 520 |
_a"Human Communication learning resources support students who may be struggling to master, or simply wish to review, the most important communication concepts. Designed to reinforce the most important chapter concepts from nonverbal communication cues and critical thinking skills to workplace interviewing techniques and organizing presentations every learning resource is presented at the precise moment of need"-- _cProvided by publisher. |
||
| 650 | 0 | _aCommunication. | |
| 700 | 1 |
_aHosek, Angela M., _eeditor. |
|
| 700 | 1 |
_aPearson, Judy C., _eeditor. |
|
| 700 | 1 |
_aNelson, Paul E. _q(Paul Edward), _d1941- _eeditor. |
|
| 776 | 0 | 8 |
_iOnline version: _tHuman communication _bEighth edition. _dNew York, NY : McGraw Hill LLC, 2024 _z9781265432843 _w(DLC) 2023029175 |
| 942 |
_2lcc _cBK _e2024 Release _h90 _iHUM _kP |
||
| 999 |
_c11719 _d11719 |
||